Statistics for Wars Involving South Africa

Click here to take the quiz!

General Stats

  • This quiz has been taken 32 times
  • The average score is 5 of 16

Answer Stats

YearAlliesEnemiesResultAnswer% Correct
1914-1918Entente PowersCentral Powers
Boer Rebels
VictoryWorld War 1
96%
1939-1945Allied PowersAxis PowersVictoryWorld War 2
96%
1950-1953South Korea
US Led Coalition
North Korea
China
Soviet Union
StalemateKorean War
76%
1944-1945Greece
United Kingdom
Greek CommunistsVictoryGreek Civil War
64%
1918-1920White Movement
Mongolia
Kazakhs
Poland
Finland
Ukraine
Entente Powers
Central Powers
Russian SFSR
Ukrainian SSR
Belarusian SSR
Transcaucasian SFSR
Hungary
Russian Anarchists
DefeatRussian Civil War
52%
1965-1979RhodesiaZimbabwean Rebels
Mozambican Rebels
African National Congress
StalemateRhodesian Bush War
32%
1966-1989Portugal
Angolan Rebels
Namibian Rebels
Angolan Militias
Cuba
African National Congress
Zambia
StalemateSouth African Border War
16%
2013Central African RepublicSeleka RebelsWithdrawalCentral African Republic Civil War
12%
1979-1985Mozambican Rebels
Rhodesia
Mozambican Rebels
African National Congress
StalemateMozambican Civil War
12%
2020-PresentMozambique
Tanzania
Islamic ExtremistsOngoingInsurgency in Cabo Delgado
8%
1921-1922NoneSouth African CommunistsVictoryRand Rebellion
8%
2014-Present
Uganda
D.R.o.t.Congo
Tanzania
Malawi
Allied Democratic ForcesOngoingADF Insurgency
4%
1922NoneBondelswartsVictoryBondelswarts Rebellion
4%
2013D.R.o.t.Congo
Tanzania
Malawi
March 23 MovementVictoryM23 Rebellion
4%
1987-1994None
African National Congress
StalemateNatal Civil War
4%
1998BotswanaLesotho Defense ForceVictoryOperation Boleas
4%

Score Distribution

Percentile by Number Answered

Percent of People with Each Score

Your Score History

You have not taken this quiz